书目信息 |
| 题名: |
虚拟机
|
|
| 作者: | 詹姆斯 著 ;瑞维 , 安虹 , 张昱 , 吴俊敏 著 | |
| 分册: | ||
| 出版信息: | 北京 机械工业出版社 2009 |
|
| 页数: | 13,382页 | |
| 开本: | 26cm | |
| 丛书名: | 计算机科学丛书 | |
| 单 册: | ||
| 中图分类: | TP338 | |
| 科图分类: | ||
| 主题词: | 虚拟处理机 | |
| 电子资源: | ||
| ISBN: | 978-7-111-25668-7 | |
| 000 | 01451oam2 2200349 45 | |
| 001 | 1237513684 | |
| 005 | 20120614150142.20 | |
| 010 | @a978-7-111-25668-7@dCNY78.00 | |
| 100 | @a20091118d2009 em y0chiy0110 ea | |
| 101 | 1 | @achi@ceng |
| 102 | @aCN@b110000 | |
| 105 | @ay z 000yy | |
| 106 | @ar | |
| 200 | 1 | @a虚拟机@AXu Ni Ji@dVirtual machines:versatile platforms for systems and processes@e系统与进程的通用平台@EXi Tong Yu Jin Cheng De Tong Yong Ping Tai@f(美)James E. Smith,(美)Ravi Nair著@F( Mei )James E. Smith,( Mei )Ravi Nair Zhu@g安虹,张昱,吴俊敏译@zeng |
| 210 | @a北京@c机械工业出版社@d2009 | |
| 215 | @a13,382页@d26cm | |
| 225 | 2 | @a计算机科学丛书 |
| 300 | @a华章教育 | |
| 306 | @a机械工业出版社与Elsevier(Singapore)Pte Ltd合作出版 | |
| 330 | @a本书将计算机系统资源的各种虚拟化技术划分为进程虚拟机和系统虚拟机两大类展开讨论,内容包括体系结构、程序设计语言和编译、操作系统、系统安全等。 | |
| 461 | 0 | @12001 @a计算机科学丛书 |
| 510 | 1 | @aVirtual machines@eversatile platforms for systems and processes@zeng |
| 517 | 1 | @a系统与进程的通用平台@AXi Tong Yu Jin Cheng De Tong Yong Ping Tai |
| 606 | 0 | @a虚拟处理机 |
| 690 | @aTP338@v4 | |
| 701 | 1 | @a詹姆斯@AZhan Mu Si@g(Smith, James E.)@4著 |
| 702 | 1 | @a瑞维@ARui Wei@g(Nair, Ravi)@4著 |
| 702 | 0 | @a安虹@AAn Hong@4译 |
| 702 | 0 | @a张昱@AZhang Yu@4译 |
| 702 | 0 | @a吴俊敏@AWu Jun Min@4译 |
| 801 | 0 | @aCN@bTSTCL@c20120606 |
| 905 | @b0816048-51@dTP338@e115@f4 | |
| 虚拟机=Virtual machines:versatile platforms for systems and processes:系统与进程的通用平台/(美)James E. Smith,(美)Ravi Nair著/安虹,张昱,吴俊敏译.-北京:机械工业出版社,2009 |
| 13,382页;26cm.-(计算机科学丛书) |
| 华章教育 |
| ISBN 978-7-111-25668-7:CNY78.00 |
| 本书将计算机系统资源的各种虚拟化技术划分为进程虚拟机和系统虚拟机两大类展开讨论,内容包括体系结构、程序设计语言和编译、操作系统、系统安全等。 |
| ● |
| 相关链接 |
|
|
|
|
正题名:虚拟机
索取号:TP338/115
 
预约/预借
| 序号 | 登录号 | 条形码 | 馆藏地/架位号 | 状态 | 备注 |
| 1 | 0816048 | 208160489 | 第二样本阅览室/ [索取号:TP338/115] | 在馆 | |
| 2 | 0816049 | 208160498 | 第三借阅区/ [索取号:TP338/115] | 在馆 | |
| 3 | 0816050 | 208160504 | 第三借阅区/ [索取号:TP338/115] | 在馆 | |
| 4 | 0816051 | 208160513 | 第三借阅区/ [索取号:TP338/115] | 在馆 |